000 00467nam a2200181Ia 4500
008 090123s9999 xx 000 0 und d
082 _b9162
100 _aइचनुर शांता
245 _aसीमातती
250 _a1
260 _c1983
300 _a140
600 _aइचनुर शांता
630 _aसीमातती
700 _aइचनुर शांता
730 _aसीमातती
942 _cBOOK
999 _c47227
_d47227